00512cam a22001572 4500001001100000005001700011008004100028020001700069040001500086050001700101100003300118245011300151260003600264300001500300650003900315000000296920151217151909.0070424s xx 000 0 eng d a027362587X : aKABUcKABU 0aHG3741b.S741 aSteiner, Robert.@000015252510aMastering financial calculations :ba step-by-step guide to the mathematics of financial market instruments. aLondon :bPrentice Hall,c1999. axv, 396 p. 0aFinancial instruments.@0000152526